[Event "Styrian op U14/18 27th"]
[Site "Mureck"]
[Date "2021.08.08"]
[Round "5"]
[White "Kleibenzettl, Kristian"]
[Black "Lackner, Simon"]
[Result "0-1"]
[WhiteElo "901"]
[BlackElo "903"]
[PlyCount "33"]
[EventDate "2021.08.04"]
[EventType "swiss"]
[EventRounds "9"]
[EventCountry "AUT"]
[SourceTitle "EXT 2022"]
[Source "ChessBase"]
[SourceDate "2021.10.06"]
[SourceVersion "1"]
[SourceVersionDate "2021.10.06"]
[SourceQuality "1"]

1. e4 e5 2. Nf3 Nc6 3. Nc3 a6 4. Bc4 Bb4 5. 0-0 Bxc3 6. bxc3 d6 7. d4 Bg4 8. h3 Bh5 9. Qd3 Nf6 10. Bg5 h6 11. Bh4 Qe7 12. Rab1 Na5 13. Bxf6 Qxf6 14. dxe5 dxe5 15. g4 Nxc4 16. gxh5 Qe6 17. Rxb7 0-1

[Event "Styrian op U14/18 27th"]
[Site "Mureck"]
[Date "2021.08.06"]
[Round "3"]
[White "Knafl, Martin"]
[Black "Kleibenzettl, Kristian"]
[Result "1/2-1/2"]
[WhiteElo "811"]
[BlackElo "901"]
[PlyCount "60"]
[EventDate "2021.08.04"]
[EventType "swiss"]
[EventRounds "9"]
[EventCountry "AUT"]
[SourceTitle "EXT 2022"]
[Source "ChessBase"]
[SourceDate "2021.10.06"]
[SourceVersion "1"]
[SourceVersionDate "2021.10.06"]
[SourceQuality "1"]

1. e4 e5 2. Nf3 Nc6 3. d4 exd4 4. Nxd4 Nxd4 5. Qxd4 d6 6. Bf4 Be6 7. Nc3 Nf6 8. g3 d5 9. 0-0-0 c6 10. Bg2 Bd6 11. e5 Nh5 12. exd6 Nxf4 13. Qxf4 Qa5 14. a3 0-0 15. h4 g6 16. Qe3 Rfe8 17. Qf4 Qc5 18. Bh3 f5 19. Rhf1 Rad8 20. Qb4 b6 21. Qxc5 bxc5 22. Na4 c4 23. Nc5 Rxd6 24. Nxe6 Rdxe6 25. f4 h5 26. Kd2 Re2+ 27. Kc3 a5 28. Rd2 R2e3+ 29. Kd4 Re2 30. Kc3 R2e3+ 1/2-1/2

[Event "Styrian op U08/10 23nd"]
[Site "Mureck"]
[Date "2016.08.10"]
[Round "8.6"]
[White "Kleibenzettl, Kristian"]
[Black "Klopf, Richard"]
[Result "0-1"]
[WhiteElo "800"]
[BlackElo "800"]
[PlyCount "34"]
[EventDate "2016.08.03"]
[EventType "swiss"]
[EventRounds "9"]
[EventCountry "AUT"]
[SourceTitle "EXT 2024"]
[Source "ChessBase"]
[SourceDate "2023.10.10"]
[SourceVersion "1"]
[SourceVersionDate "2023.10.10"]
[SourceQuality "1"]

1. e4 e5 2. Nf3 Nc6 3. Nc3 Nf6 4. d3 Bb4 5. Bg5 h6 6. Bh4 g5 7. Bg3 d6 8. d4 Bg4 9. h3 Bxf3 10. Qxf3 Nxd4 11. Qd1 Qd7 12. Bb5 Qxb5 13. Qd3 Bxc3+ 14. Qxc3 0-0-0 15. 0-0-0 Ne2+ 16. Kd2 Nxc3 17. Kxc3 Nxe4# 0-1